000 00743nam a2200253Ia 4500
003 OSt
005 20220912151109.0
006 a|||||r|||| 00| 0
007 ta
008 220909b |||||||| |||| 00| 0 eng d
024 _a23899
037 _cTextual
040 _aCSL
_beng
_cCSL
041 _aeng
082 _aB43, L6-;1
100 _aBergh Joran
245 0 _aInterpolation spaces: an introduction
260 _aBerlin
_bSpringer
_c1976
300 _ax, 207p.
_ccm.
490 _aGrundlehren der mathematischen wissenschaften: A series of comprehensive studies in Mathematics; 223
700 _a Lofstrom Jorgen
942 _hB43, L6-;1
_cTEXL
_2CC
999 _c61056
_d61056